Guess The Artist 1960's #3 - Statistics

General Stats
  • This quiz has been taken 56 times
    40 since last reset
  • The average score is 12 of 30
Answer Stats
Hint Answer % Correct
Space Oddity David Bowie
100%
Respect Aretha Franklin
96%
California Dreamin' The Mamas & the Papas
88%
These Boots Are Made For Walkin' Nancy Sinatra
85%
Pinball Wizard The Who
81%
I Want You Back The Jackson 5
73%
For What It's Worth Buffalo Springfield
62%
When A Man Loves a Woman Percy Sledge
62%
Green Green Grass of Home Tom Jones
54%
Runaway Del Shannon
50%
The Night They Drove Old Dixie Down The Band
42%
I Fought The Law The Bobby Fuller Four
42%
Under The Boardwalk The Drifters
42%
See Emily Play Pink Floyd
38%
Build Me Up Buttercup The Foundations
38%
Get Together The Youngbloods
38%
Whipping Post The Allman Brothers Band
35%
Daydream The Lovin' Spoonful
31%
Soul Sacrifice Santana
19%
Spanish Harlem Ben E. King
15%
Ecstasy of Gold Ennio Morricone
15%
Celebrate Three Dog Night
15%
The First Cut is the Deepest Yusuf Islam
15%
It's Only Make Believe Conway Twitty
12%
Let's Get Together Hayley Mills
12%
Monk Time The Monks
12%
The Night is Quiet The Vocaleers
8%
Missing Someone Bobby Chase
4%
What The Hell Jim Croce
4%
Goodbye My Love Johnny Holiday & The Graduates
4%
No matching quizzes found
Score Distribution
Percent of People with Each Score
Percentile by Number Answered
Your Score History
You have not taken this quiz since the last reset